| 000 | 00000nas##2200000za#4500 |
| 001 | 9.507415 |
| 003 | CaOODSP |
| 005 | 20200325094018 |
| 007 | cr ||||||||||| |
| 008 | 150406c1999||||xxc|| p o||||f| |0eng|d |
| 040 | |aCaOODSP|beng |
| 043 | |an-cn--- |
| 086 | 1 |aHP7-2E-PDF |
| 110 | 1 |aCanada.|bCanadian Paediatric Society. |
| 245 | 10|aCanadian Paediatric Surveillance Program - results |h[electronic resource] |
| 246 | 1 |iVariant title : |aCPSP - results |
| 260 | |aOttawa - Ontario : |bCanadian Paediatric Society |
| 310 | |aAnnual |
| 362 | 1 |a1999-- |
| 500 | |aCo-published by Health Canada until 2004 edition, inclusive. |
| 690 | 07|aChildren's health|2gcpds |
| 775 | 08|tProgramme canadien de surveillance pédiatrique - résultats |w(CaOODSP)9.503808 |